Informe sobre la educación superior en Chile 1996

Zapisane w:
Opis bibliograficzny
Główni autorzy: Lorca A., Carlos (autor), Persico Jiménez, Pablo (Autor)
Format: Książka
Język:hiszpański
Wydane: Santiago CPU 1996
Hasła przedmiotowe:
Etykiety: Dodaj etykietę
Nie ma etykietki, Dołącz pierwszą etykiete!

MARC

LEADER 00000nam a2200000 a 4500
001 UCK1630
003 CL-VaPUC
008 041119e19960000CL |||||||||||||||||spa|d
020 |a 9562290646 
082 0 4 |a 378.83  |b LOR  |2 21 
100 |a Lorca A., Carlos  |e autor  |9 560272 
700 0 |a Persico Jiménez, Pablo  |e author  |9 489544 
245 1 0 |a Informe sobre la educación superior en Chile 1996 
300 |a 153 p 
942 |c BK 
945 |d 20041119 00:00:00  |a cmena 
260 |a Santiago  |b CPU  |c 1996 
650 0 |a Educación superior   |9 223851 
650 0 |a Universidades  |9 256317 
650 0 |a Estado y educación   |9 311264 
650 0 |a Evaluación de la educación   |9 237505 
650 0 |a Reforma educacional   |9 256319 
650 0 |a Administración financiera  |9 261146 
651 7 |a CHILE  |2 CL-VaPUC  |9 489545 
583 |a last modification  |c 20041119 00:00:00  |k Rodrigo Vera 
999 |c 311529  |d 311527 
952 |0 0  |1 0  |4 0  |6 378_830000000000000_LOR_1996  |7 0  |8 A  |9 380973  |a BIBEDU  |b BIBEDU  |d 2019-11-21  |i 4080769  |o 378.83 LOR 1996  |p 4080769  |r 2019-11-21  |w 2019-11-21  |y BK  |k EBA